[Event "Budapest FS08 Nadassy"]
[Site "Budapest"]
[Date "2023.08.07"]
[Round "3.5"]
[White "Torok, Tamas Titusz"]
[Black "Juracsik, Jozsef"]
[Result "1/2-1/2"]
[WhiteElo "1996"]
[BlackElo "1923"]
[PlyCount "59"]
[EventDate "2023.08.05"]
[EventType "team-tourn"]
[EventRounds "10"]
[EventCountry "HUN"]
[SourceTitle "EXT 2024"]
[Source "ChessBase"]
[SourceDate "2023.10.10"]
[SourceVersion "1"]
[SourceVersionDate "2023.10.10"]
[SourceQuality "1"]
[WhiteTeam "Team Higher Elo"]
[BlackTeam "Team Lower Elo"]
[WhiteTeamCountry "HUN"]
[BlackTeamCountry "HUN"]

1. e4 c6 2. c4 d5 3. cxd5 cxd5 4. exd5 Qxd5 5. Nc3 Qa5 6. d4 e6 7. Nf3 Nc6 8. Bc4 Nf6 9. 0-0 Be7 10. d5 exd5 11. Nxd5 Nxd5 12. Bxd5 0-0 13. Qb3 Bg4 14. Bd2 Bb4 15. Bxb4 Nxb4 16. Bxb7 Rab8 17. Be4 Be6 18. Qe3 Bxa2 19. Qa3 Qxa3 20. bxa3 Bd5 21. Bxh7+ Kxh7 22. axb4 Bxf3 23. gxf3 Rxb4 24. Rxa7 Rf4 25. Kg2 g6 26. Re1 Kg7 27. Re4 Rf5 28. h4 Rh8 29. Kg3 Rc8 30. Rf4 1/2-1/2

[Event "Budapest FS08 Nadassy"]
[Site "Budapest"]
[Date "2022.08.12"]
[Round "6.6"]
[White "Jaivardhan, Raja Pilla"]
[Black "Juracsik, Jozsef"]
[Result "1/2-1/2"]
[WhiteElo "1780"]
[BlackElo "1971"]
[PlyCount "86"]
[EventDate "2022.08.06"]
[EventType "tourn"]
[EventRounds "12"]
[EventCountry "HUN"]
[SourceTitle "CBM 209 Extra"]
[Source "ChessBase"]
[SourceDate "2022.09.30"]
[SourceVersion "1"]
[SourceVersionDate "2022.09.30"]
[SourceQuality "1"]
[WhiteTeam "Team Lower Elo"]
[BlackTeam "Team Higher Elo"]
[WhiteTeamCountry "HUN"]
[BlackTeamCountry "HUN"]

1. e4 c5 2. Nf3 d6 3. d4 cxd4 4. Nxd4 a6 5. Nc3 Qc7 6. a3 Nf6 7. Be2 Nc6 8. Be3 b5 9. 0-0 Bb7 10. Nxc6 Bxc6 11. Qd3 h5 12. f4 Qb7 13. Bf3 Ng4 14. Bd4 e6 15. h3 Nf6 16. e5 dxe5 17. Bxc6+ Qxc6 18. fxe5 Nd7 19. Ne4 Nc5 20. Bxc5 Bxc5+ 21. Kh1 Rf8 22. c4 Be7 23. Rac1 Rd8 24. Qf3 Rc8 25. cxb5 Qxc1 26. Rxc1 Rxc1+ 27. Kh2 axb5 28. Qd3 f5 29. exf6 gxf6 30. Qxb5+ Kd8 31. Qd3+ Ke8 32. Nd6+ Bxd6+ 33. Qxd6 e5 34. b4 Kf7 35. b5 Re8 36. Qd5+ Kg6 37. Qd2 Rcc8 38. a4 e4 39. Qe3 Ra8 40. Qg3+ Kf5 41. Qf2+ Kg6 42. Qg3+ Kf5 43. Qf2+ Kg6 1/2-1/2

[Event "Budapest FS08 Nadassy"]
[Site "Budapest"]
[Date "2022.08.08"]
[Round "3.6"]
[White "Juracsik, Jozsef"]
[Black "Singgih, Diajeng Theresa"]
[Result "0-1"]
[WhiteElo "1971"]
[BlackElo "1972"]
[PlyCount "82"]
[EventDate "2022.08.06"]
[EventType "tourn"]
[EventRounds "12"]
[EventCountry "HUN"]
[SourceTitle "CBM 209 Extra"]
[Source "ChessBase"]
[SourceDate "2022.09.30"]
[SourceVersion "1"]
[SourceVersionDate "2022.09.30"]
[SourceQuality "1"]
[WhiteTeam "Team Higher Elo"]
[BlackTeam "Team Lower Elo"]
[WhiteTeamCountry "HUN"]
[BlackTeamCountry "HUN"]

1. e4 e5 2. Nf3 Nc6 3. Bb5 a6 4. Ba4 Nf6 5. 0-0 b5 6. Bb3 Bc5 7. c3 d6 8. d3 0-0 9. a4 Bb7 10. axb5 axb5 11. Rxa8 Qxa8 12. Bg5 Nd7 13. Nh4 h6 14. Bc1 Qd8 15. Nf5 Ne7 16. Nxe7+ Qxe7 17. Na3 b4 18. Nc2 bxc3 19. bxc3 Kh8 20. Ne3 Bxe3 21. Bxe3 f5 22. exf5 Rxf5 23. Qg4 Rf6 24. f3 Nf8 25. Qc4 d5 26. Qb4 Qxb4 27. cxb4 d4 28. Bd2 Ba6 29. Re1 Nd7 30. f4 exf4 31. Re8+ Kh7 32. Re1 c5 33. Re7 Bb5 34. Bd5 Rf8 35. Be4+ Kg8 36. bxc5 Nxc5 37. Bb4 Nxd3 38. Bxd3 Bxd3 39. Rd7 Rc8 40. Rxd4 Rc1+ 41. Kf2 Rf1# 0-1

[Event "Budapes FS06 Nadassy"]
[Site "Budapest"]
[Date "2022.06.04"]
[Round "1"]
[White "Juracsik, Jozsef"]
[Black "Mayer, Istvan"]
[Result "1/2-1/2"]
[WhiteElo "1914"]
[BlackElo "1822"]
[PlyCount "86"]
[EventDate "2022.06.04"]
[EventType "schev"]
[EventRounds "9"]
[EventCountry "HUN"]
[SourceTitle "EXT 2023"]
[Source "ChessBase"]
[SourceDate "2022.10.05"]
[SourceVersion "1"]
[SourceVersionDate "2022.10.05"]
[SourceQuality "1"]
[WhiteTeam "Team Higher Elo"]
[BlackTeam "Team Lower Elo"]
[WhiteTeamCountry "HUN"]
[BlackTeamCountry "HUN"]

1. e4 e6 2. d4 d5 3. Nc3 dxe4 4. Nxe4 Bd7 5. Nf3 Bc6 6. Ng3 Nd7 7. Bd3 Ngf6 8. 0-0 Be7 9. Re1 b6 10. c4 Bb7 11. Bf4 0-0 12. Qe2 Bb4 13. Red1 Re8 14. Ne5 Bf8 15. Bc2 Qc8 16. Ba4 c6 17. Rac1 a5 18. Nh5 Nxh5 19. Qxh5 g6 20. Qh3 Bg7 21. Nxd7 Qxd7 22. d5 Qc8 23. d6 Qd7 24. Qb3 Ra6 25. Be3 Qd8 26. Rd2 Be5 27. f4 Bf6 28. Rcd1 e5 29. Qd3 Re6 30. c5 exf4 31. Bxf4 bxc5 32. Bb3 Bd4+ 33. Kh1 Rxd6 34. Bxd6 Qxd6 35. Rf1 Rb6 36. Qc4 Qd5 37. Qe2 Rxb3 38. axb3 Qxb3 39. Qe8+ Kg7 40. Rxd4 cxd4 41. Qe5+ Kg8 42. Qxd4 c5 43. Qf6 Qd5 1/2-1/2

[Event "Budapest Vezerkepzo Schev"]
[Site "Budapest"]
[Date "2021.09.23"]
[Round "10.1"]
[White "Juracsik, Jozsef"]
[Black "Lohia, Sohum"]
[Result "1/2-1/2"]
[WhiteElo "2045"]
[BlackElo "1830"]
[PlyCount "102"]
[EventDate "2021.09.15"]
[EventType "tourn"]
[EventRounds "10"]
[EventCountry "HUN"]
[SourceTitle "EXT 2023"]
[Source "ChessBase"]
[SourceDate "2022.10.05"]
[SourceVersion "1"]
[SourceVersionDate "2022.10.05"]
[SourceQuality "1"]
[WhiteTeam "Team 1"]
[BlackTeam "Team 2"]
[WhiteTeamCountry "HUN"]
[BlackTeamCountry "HUN"]

1. e4 e5 2. Nf3 Nc6 3. Bc4 Nf6 4. d3 Bc5 5. c3 a5 6. 0-0 d6 7. h3 0-0 8. Bg5 h6 9. Bh4 g5 10. Bg3 Kg7 11. d4 Bb6 12. Re1 Qe7 13. Nbd2 Bd7 14. Nf1 Rae8 15. Ne3 Qd8 16. Nd5 Ba7 17. Nxf6 Kxf6 18. dxe5+ dxe5 19. Bd5 Re7 20. Qe2 Qc8 21. Rad1 Rfe8 22. Nh2 Kg6 23. Ng4 Bxg4 24. hxg4 f6 25. Qf3 Kg7 26. Kf1 Rd7 27. Ke2 Rd6 28. Bb3 Red8 29. Rxd6 Rxd6 30. Rd1 Rxd1 31. Kxd1 Qd7+ 32. Ke1 Nd8 33. a4 Ne6 34. Qf5 Nc5 35. Qxd7+ Nxd7 36. f3 Kf8 37. Kd2 Ke7 38. Be1 Kd6 39. Bf7 Nc5 40. b3 Bb6 41. Kc2 Ne6 42. Bxe6 Kxe6 43. Kd3 Kd6 44. Bd2 Kc6 45. b4 axb4 46. cxb4 Bd4 47. Be3 Bxe3 48. Kxe3 b5 49. a5 Kb7 50. Kd3 Ka6 51. Kc3 c6 1/2-1/2

[Event "Budapest Vezerkepzo Schev"]
[Site "Budapest"]
[Date "2021.09.20"]
[Round "7.1"]
[White "Tancsa, Tamas"]
[Black "Juracsik, Jozsef"]
[Result "1/2-1/2"]
[WhiteElo "2017"]
[BlackElo "2045"]
[PlyCount "26"]
[EventDate "2021.09.15"]
[EventType "tourn"]
[EventRounds "10"]
[EventCountry "HUN"]
[SourceTitle "EXT 2023"]
[Source "ChessBase"]
[SourceDate "2022.10.05"]
[SourceVersion "1"]
[SourceVersionDate "2022.10.05"]
[SourceQuality "1"]
[WhiteTeam "Team 2"]
[BlackTeam "Team 1"]
[WhiteTeamCountry "HUN"]
[BlackTeamCountry "HUN"]

1. e4 c5 2. Nf3 Nc6 3. d4 cxd4 4. Nxd4 Nf6 5. Nc3 e5 6. Ndb5 d6 7. Nd5 Nxd5 8. exd5 Ne7 9. c3 Ng6 10. Qa4 Bd7 11. Qb4 Bf5 12. Qa4 Bd7 13. Qb4 Bf5 1/2-1/2

[Event "Budapest Vezerkepzo Schev"]
[Site "Budapest"]
[Date "2021.09.19"]
[Round "5.1"]
[White "Lohia, Sohum"]
[Black "Juracsik, Jozsef"]
[Result "1/2-1/2"]
[WhiteElo "1830"]
[BlackElo "2045"]
[PlyCount "115"]
[EventDate "2021.09.15"]
[EventType "tourn"]
[EventRounds "10"]
[EventCountry "HUN"]
[SourceTitle "EXT 2023"]
[Source "ChessBase"]
[SourceDate "2022.10.05"]
[SourceVersion "1"]
[SourceVersionDate "2022.10.05"]
[SourceQuality "1"]
[WhiteTeam "Team 2"]
[BlackTeam "Team 1"]
[WhiteTeamCountry "HUN"]
[BlackTeamCountry "HUN"]

1. e4 c5 2. Nf3 Nc6 3. d4 cxd4 4. Nxd4 Nf6 5. Nc3 e5 6. Ndb5 d6 7. Bg5 a6 8. Na3 b5 9. Bxf6 gxf6 10. Nd5 Bg7 11. Bd3 Ne7 12. c4 Nxd5 13. exd5 f5 14. 0-0 e4 15. Re1 Bxb2 16. Nc2 0-0 17. Bf1 Qf6 18. Rb1 Be5 19. cxb5 axb5 20. a3 Bd7 21. Bxb5 Bxb5 22. Rxb5 Rfc8 23. Qe2 Rc3 24. Reb1 Rac8 25. Rb8 Rxb8 26. Rxb8+ Kg7 27. g3 Qg5 28. Rb1 Qg4 29. Qxg4+ fxg4 30. Ne3 Rxa3 31. Nxg4 Bd4 32. Ne3 Bxe3 33. fxe3 Rd3 34. g4 Kf6 35. Kf2 Rxd5 36. Kg3 Rd2 37. h4 Ke6 38. Kf4 d5 39. Rb6+ Ke7 40. Ke5 f6+ 41. Rxf6 d4 42. exd4 e3 43. Rf3 Rh2 44. h5 e2 45. Re3 Kd7 46. Kf6 Kd6 47. Re5 Rf2+ 48. Kg5 h6+ 49. Kxh6 Rf6+ 50. Kh7 Re6 51. Rxe2 Rxe2 52. g5 Re7+ 53. Kg6 Re6+ 54. Kf7 Re7+ 55. Kf6 Re6+ 56. Kg7 Re7+ 57. Kg6 Re6+ 58. Kg7 1/2-1/2

[Event "Budapest FS03 Nadassy"]
[Site "Budapest"]
[Date "2021.03.13"]
[Round "7"]
[White "Juracsik, Jozsef"]
[Black "Daroczi, Donat"]
[Result "0-1"]
[WhiteElo "2075"]
[BlackElo "1879"]
[PlyCount "138"]
[EventDate "2021.03.06"]
[EventType "tourn"]
[EventRounds "10"]
[EventCountry "HUN"]
[SourceTitle "EXT 2022"]
[Source "ChessBase"]
[SourceDate "2021.10.06"]
[SourceVersion "1"]
[SourceVersionDate "2021.10.06"]
[SourceQuality "1"]
[WhiteTeam "Team A"]
[BlackTeam "Team B"]
[WhiteTeamCountry "HUN"]
[BlackTeamCountry "HUN"]

1. e4 e6 2. d4 d5 3. Nc3 h6 4. Nf3 Nf6 5. e5 Ne4 6. Qd3 Bb4 7. Nd2 Nxc3 8. bxc3 Be7 9. Qg3 g6 10. Nf3 b6 11. Bb5+ c6 12. Bd3 Ba6 13. Bxa6 Nxa6 14. h4 c5 15. 0-0 c4 16. a4 Nc7 17. Bd2 Qd7 18. Nh2 0-0-0 19. Ng4 h5 20. Nf6 Bxf6 21. exf6 Ne8 22. Bg5 Kb7 23. a5 b5 24. a6+ Kc6 25. Rfb1 Nd6 26. f3 Rb8 27. Qe1 Rb6 28. Qc1 Ne8 29. Bf4 Nc7 30. Qa3 Nxa6 31. Rxb5 Rxb5 32. Qxa6+ Rb6 33. Qa4+ Rb5 34. Rb1 Qb7 35. Rxb5 Qxb5 36. Qxa7 Qb7 37. Qc5+ Kd7 38. Kh2 Ra8 39. Qe7+ Kc6 40. Qd6+ Kb5 41. Qc5+ Ka4 42. Bc7 Ra6 43. Be5 Rc6 44. Qf8 Rc8 45. Qh6 Qb2 46. Qg7 Qb7 47. Bg3 Rd8 48. Qh6 Qb1 49. Qf4 Rd7 50. Qe5 Ka3 51. Bf4 Ka2 52. Bg3 Qxc2 53. Qb8 Qxc3 54. Qc8 Ra7 55. Qb8 Ra3 56. Qc7 Qxd4 57. Qxf7 c3 58. Qxg6 Kb2 59. f7 Ra8 60. Qxe6 Qc4 61. Qb6+ Ka2 62. Qd6 c2 63. Bf4 Rf8 64. Bc1 Qxh4+ 65. Kg1 Qe1+ 66. Kh2 Qh4+ 67. Kg1 Qe1+ 68. Kh2 Qxc1 69. Qxd5+ Kb1 0-1

[Event "Budapest FS03 Nadassy"]
[Site "Budapest"]
[Date "2021.03.09"]
[Round "4"]
[White "Ruzic, Pia Marie"]
[Black "Juracsik, Jozsef"]
[Result "1-0"]
[WhiteElo "2026"]
[BlackElo "2075"]
[PlyCount "79"]
[EventDate "2021.03.06"]
[EventType "tourn"]
[EventRounds "10"]
[EventCountry "HUN"]
[SourceTitle "EXT 2022"]
[Source "ChessBase"]
[SourceDate "2021.10.06"]
[SourceVersion "1"]
[SourceVersionDate "2021.10.06"]
[SourceQuality "1"]
[WhiteTeam "Team B"]
[BlackTeam "Team A"]
[WhiteTeamCountry "HUN"]
[BlackTeamCountry "HUN"]

1. c4 e5 2. Nc3 Nc6 3. Nf3 g6 4. d4 exd4 5. Nxd4 Bg7 6. Nc2 d6 7. e4 Nf6 8. Be2 h6 9. 0-0 Be6 10. Be3 Qd7 11. f3 g5 12. Qd2 Ne5 13. Nd5 c6 14. Nxf6+ Bxf6 15. b3 Ng6 16. Rad1 Be5 17. g3 Bh3 18. Rf2 Rg8 19. Kh1 Qe7 20. Bf1 Bxf1 21. Rfxf1 b6 22. Bd4 0-0-0 23. Ne3 Qe6 24. a4 Ne7 25. a5 Kb7 26. Ra1 Bxd4 27. Qxd4 Qe5 28. Qd2 h5 29. axb6 axb6 30. Ra2 Ra8 31. c5 dxc5 32. Rxa8 Rxa8 33. Nc4 Qd4 34. Qxg5 Ng6 35. Qf5 Rf8 36. e5 b5 37. Nd6+ Kc7 38. Nxf7 Ne7 39. Qe6 Nd5 40. Qd6+ 1-0

[Event "Budapest FS03 Nadassy"]
[Site "Budapest"]
[Date "2021.03.08"]
[Round "3"]
[White "Juracsik, Jozsef"]
[Black "Forgacs, Attila Jr"]
[Result "0-1"]
[WhiteElo "2075"]
[BlackElo "2148"]
[PlyCount "81"]
[EventDate "2021.03.06"]
[EventType "tourn"]
[EventRounds "10"]
[EventCountry "HUN"]
[SourceTitle "EXT 2022"]
[Source "ChessBase"]
[SourceDate "2021.10.06"]
[SourceVersion "1"]
[SourceVersionDate "2021.10.06"]
[SourceQuality "1"]
[WhiteTeam "Team A"]
[BlackTeam "Team B"]
[WhiteTeamCountry "HUN"]
[BlackTeamCountry "HUN"]

1. e4 e5 2. Nf3 Nc6 3. Bc4 Nf6 4. d3 h6 5. c3 d6 6. b4 g5 7. Qb3 Qd7 8. a4 Bg7 9. a5 0-0 10. h4 g4 11. Ng5 hxg5 12. hxg5 Ne8 13. Nd2 Qe7 14. Nf1 Be6 15. Ng3 Bxc4 16. dxc4 Qe6 17. Be3 Ne7 18. 0-0-0 b5 19. Nf5 Nxf5 20. exf5 Qxf5 21. cxb5 e4 22. Rd5 Qe6 23. Qd1 Bxc3 24. Bd4 Bxd4 25. Qxd4 Ng7 26. Rh6 Qe7 27. Qd1 f5 28. g6 Qg5+ 29. Qd2 Qxd2+ 30. Rxd2 Ne6 31. b6 axb6 32. axb6 Kg7 33. Rh7+ Kxg6 34. Rd7 Rad8 35. Re7 Kf6 36. Rh7 cxb6 37. g3 Ke5 38. Kb2 Rh8 39. Rb7 Rb8 40. Rd7 Rhd8 41. Re7 0-1